Is this a man? or a muppet? - Statistics

General Stats
  • This quiz has been taken 8 times
  • The average score is 25 of 32
Answer Stats
Picture Answer % Correct
Hugh Jackman
86%
Keanu Reeves
86%
Kermit
86%
Kermit
86%
Kevin Hart
86%
Man
86%
Man
86%
Man
86%
Man
86%
Man
86%
Man
86%
Man
86%
Man
86%
Michael B Jordan
86%
Muppet
86%
Muppet
86%
Muppet
86%
Muppet
86%
Muppet
86%
Muppet
86%
Muppet
86%
Muppet
86%
Paul Rudd
86%
Fozzie Bear
71%
Gonzo
71%
Idris Elba
71%
Miss Piggy
71%
Dr Bunson Honeydew
57%
Jake Gyllenhal
57%
Scooter
57%
Steve Buscemi
57%
Rowlf
43%
No matching quizzes found
Score Distribution
Percent of People with Each Score
Percentile by Number Answered
Your Score History
You have not taken this quiz